| 000 | 01147nac a22002771u 4500 | ||
|---|---|---|---|
| 010 | _a 96022505 | ||
| 020 | _a0471597643 (v. 1 : acid-free paper) | ||
| 020 | _a0471241644 | ||
| 020 | _a047124167 | ||
| 082 | 0 | 0 |
_a620.1 _bM561 |
| 090 |
_c4227 _d4227 |
||
| 100 | _aMeriam, J. L. | ||
| 245 | 1 | 0 |
_aEngineering mechanics dynamics / _cJ.L. Meriam, L.G. Kraige. |
| 250 | _a4th ed. | ||
| 260 |
_aNew York : _bWiley, _cc1998- |
||
| 300 |
_av. <1 > : _bill. (some col.) ; _c24 cm. |
||
| 500 | _aIncludes index. | ||
| 505 | 1 | _av. 1. Statics. | |
| 650 | 0 | _aMechanics, Applied. | |
| 700 | 1 |
_aKraige, L. G. _q(L. Glenn) |
|
| 856 | 4 |
_3Table of Contents _uhttp://www.loc.gov/catdir/toc/onix05/96022505.html |
|
| 856 | 4 |
_3Publisher description _uhttp://www.loc.gov/catdir/enhancements/fy0706/96022505-d.html |
|
| 942 |
_cBB _k620.1M561 |
||
| 999 |
_c4227 _d4227 |
||